Stamp duty alert (Record no. 68059)

MARC details
000 -LEADER
fixed length control field 00814cam a2200217 4500
001 - CONTROL NUMBER
control field ABS64452
008 - FIXED-LENGTH DATA ELEMENTS--GENERAL INFORMATION
fixed length control field 010822n2001 000 0 eng u
035 ## - SYSTEM CONTROL NUMBER
System control number (Sirsi) u114261
100 ## - MAIN ENTRY--PERSONAL NAME
Personal name Hutton, M
245 ## - TITLE STATEMENT
Title Stamp duty alert
260 ## - PUBLICATION, DISTRIBUTION, ETC.
Date of publication, distribution, etc. 2001
490 ## - SERIES STATEMENT
Series statement Taxation
Volume/sequential designation 147(3818) 2 August 2001, 442-445(4)
520 ## - SUMMARY, ETC.
Summary, etc. Examines the rules which determine how much stamp duty a purchaser is liable to pay. Article seeks to be an introduction to the principle of stamp duty and the means of identifying the consideration for stamp duty. Provides examples to illustrate different aspects of identifying the consideration.
590 ## - LOCAL NOTE (RLIN)
Local note ABS
650 ## - SUBJECT ADDED ENTRY--TOPICAL TERM
Topical term or geographic name entry element STAMP DUTY
650 ## - SUBJECT ADDED ENTRY--TOPICAL TERM
Topical term or geographic name entry element CONSIDERATION
650 ## - SUBJECT ADDED ENTRY--TOPICAL TERM
Topical term or geographic name entry element FINANCE ACT 2000 S126
650 ## - SUBJECT ADDED ENTRY--TOPICAL TERM
Topical term or geographic name entry element STAMP ACT 1891 S55(2)
690 ## - LOCAL SUBJECT ADDED ENTRY--TOPICAL TERM (OCLC, RLIN)
Topical term or geographic name as entry element TAXATION
942 ## - ADDED ENTRY ELEMENTS (KOHA)
Suppress in OPAC 0
Holdings
Withdrawn status Lost status Source of classification or shelving scheme Damaged status Not for loan Home library Current library Shelving location Date acquired Total Checkouts Full call number Barcode Date last seen Copy number Price effective from Koha item type
    Dewey Decimal Classification     London London Journal article 22/08/2001   ABS64452 114261-1001 06/08/2019 1 06/08/2019 Journal article